| 000 | 00892cam a2200289 a 4500 | ||
|---|---|---|---|
| 001 | 25004 | ||
| 003 | BD-RjUL | ||
| 005 | 20211209050821.0 | ||
| 008 | 140316s1973 ilu b 001 0 eng | ||
| 020 | _a0252002024 | ||
| 035 | _a(BD-RjUL)25073 | ||
| 035 | _a453554 | ||
| 040 |
_aLC _beng _cLC _dABN-SNR _dBD-RjUL |
||
| 041 | _aeng | ||
| 082 | 0 | 4 |
_a320.5409174927 _bDAF |
| 100 | 1 |
_aDawn, C. Ernest. _976910 |
|
| 245 | 1 | 0 |
_aFrom Ottomanism to Arabism : _bessays on the origins of Arab nationalism / _cby C. Ernest Dawn. |
| 260 |
_aUrbana : _bUniversity of Illinois Press, _c1973. |
||
| 300 |
_aix, 212 p. ; _c24 cm. |
||
| 504 | _aIncludes bibliographical references and index. | ||
| 650 | 0 |
_aNationalism _zArab countries. _976911 |
|
| 650 | 0 |
_aArabism. _976912 |
|
| 651 | 0 |
_aMiddle East _xPolitics and government. _976913 |
|
| 942 |
_2ddc _cBK |
||
| 999 |
_c25004 _d25004 |
||